Brand Names [easy] - Statistics

General Stats
  • This quiz has been taken 72 times
  • The average score is 11 of 15
Answer Stats
Picture Answer % Correct
Honda
93%
McDonalds
93%
Microsoft
93%
Twix
93%
Yahoo
93%
Doritios
91%
Firefox
91%
Fanta
82%
Jetpunk
77%
Blockbuster
75%
Harley-Davidson
75%
Roblox
65%
CBS
53%
Fortnite
33%
Wordpress
25%
No matching quizzes found
Score Distribution
Percent of People with Each Score
Percentile by Number Answered
Your Score History
You have not taken this quiz